00230nam a2200097Ia 4500100001900000654001300019245004500032260002900077082001400106546001200120 aDay M/ Neff K  aComputer aTrouble shooting Netware for the 386 bBPB PubaNew Delhic1993 a4.68bPAN aENGLISH